000 00748nam a22002777a 4500
001 BR8100644
003 BR-BrBNA
005 20230928090915.0
007 ta
008 230509b bl.||||| |||| 00| 0 por d
040 _aBR-BrBNA
_bpor
_cBiblioteca Nacional de Agricultura
041 _a(Por)
072 _aP12
_b/G514
090 _ P12 BR8100644
100 1 _aGouveia Neto, A.
110 1 _aDepartamento Nacional de Obras Contra as Secas, Fortaleza, CE (Brasil)
245 1 _aAcudagem no Ceara [Brasil]
246 1 _a[Damming in Ceara [Brazil]]
260 3 _aFortaleza, CE (Brasil):
_c1980.
300 _a20 p.
650 _aIrrigacao
650 _aAcude
650 _aCeara
909 _a202309
_bLucia
_c55
_dLucia Elande
942 _cBK
999 _c31207
_d31207